01347nam a2200325 a 4500001001100000003000800011006001900019007001500038008004100053010001700094020002800111040002100139035002000160050002600180082001600206100002100222245017300243260003900416300001600455504006600471533015200537650005000689650003700739650003400776650001900810655002900829700002100858710001700879856012500896ebr5004986CaPaEBRm u cr cn|||||||||950921s1996 ctu sb 001 0 eng  z 95040088  z0275952150 (alk. paper) aCaPaEBRcCaPaEBR a(OCoLC)4980330214aHC110.E44bH35 1996eb04a338.9732201 aHamlin, Roger E.10aEconomy without wallsh[electronic resource] :bmanaging local development in a restructuring world /cRoger E. Hamlin and Thomas S. Lyons ; foreword by Schun Hagiwara. aWestport, Conn. :bPraeger,c1996. axiv, 198 p. aIncludes bibliographical references (p. [175]-183) and index. aElectronic reproduction.bPalo Alto, Calif. :cebrary,d2013.nAvailable via World Wide Web.nAccess may be limited to ebrary affiliated libraries. 0aEconomic development projectszUnited States. 0aLocal governmentzUnited States. 0aPrivatizationzUnited States. 0aSocial choice. 7aElectronic books.2local1 aLyons, Thomas S.2 aebrary, Inc.40uhttp://site.ebrary.com/lib/rucke/Doc?id=5004986zAn electronic book accessible through the World Wide Web; click to view